Refranes / (Record no. 129099)
[ view plain ]
| 000 -CABECERA | |
|---|---|
| campo de control de longitud fija | 00572nam a2200193 u 4500 |
| 005 - FECHA Y HORA DE LA ÚLTIMA TRANSACCIÓN | |
| campo de control | 20240228063939.0 |
| 008 - ELEMENTOS DE LONGITUD FIJA--INFORMACIÓN GENERAL | |
| campo de control de longitud fija | 080617s2005 r 000 0 eng d |
| 020 ## - NÚMERO INTERNACIONAL NORMALIZADO PARA LIBROS | |
| Número Internacional Estándar del Libro | 0439783461 |
| 035 ## - NÚMERO DE CONTROL DEL SISTEMA | |
| Número de control de sistema | UPN01000156985 |
| 049 ## - COLECCIÓN | |
| Colección | I |
| 050 #4 - SIGNATURA TOPOGRÁFICA DE LA BIBLIOTECA DEL CONGRESO | |
| Número de clasificación | PN6499 |
| Número de documento/Ítem | L6.7 |
| 100 1# - ASIENTO PRINCIPAL--NOMBRE PERSONAL | |
| Nombre de persona | Longo, Alejandra |
| 9 (RLIN) | 35574 |
| 245 10 - MENCIÓN DE TÍTULO | |
| Título | Refranes / |
| Mención de responsabilidad, etc. | Alejandra Longo ; il. Daniel Chaskielberg. |
| 260 ## - PUBLICACIÓN, DISTRIBUCIÓN, ETC. | |
| Lugar de publicación, distribución, etc. | New York : |
| Nombre del editor, distribuidor, etc. | Scholastic, |
| Fecha de publicación, distribución, etc. | c2005. |
| 300 ## - DESCRIPCIÓN FÍSICA | |
| Extensión | [28] p. : |
| Otras características físicas | il. col. |
| 650 #4 - ASIENTO SECUNDARIO DE MATERIA - TERMINO TEMATICO | |
| Término de materia o nombre geográfico como elemento de entrada | PROVERBIOS - |
| Subdivisión de forma | LITERATURA INFANTIL |
| 9 (RLIN) | 11222 |
| 650 #4 - ASIENTO SECUNDARIO DE MATERIA - TERMINO TEMATICO | |
| Término de materia o nombre geográfico como elemento de entrada | Libros y lectura para niños |
| 9 (RLIN) | 2290 |
| 905 ## - TIPO DE MATERIAL | |
| Tipo de material | Infantil |
| Estado de retiro | Estado de pérdida | Fuente del sistema de clasificación o colocación | Estado dañado | No para préstamo | Código de colección | Localización permanente | Ubicación/localización actual | Ubicación en estantería | Fecha de adquisición | Total de préstamos | Clasificación | Código de barras | Fecha visto por última vez | Número de copia | Tipo de ítem Koha |
|---|---|---|---|---|---|---|---|---|---|---|---|---|---|---|---|
| Library of Congress Classification | Infantil | Bib. Gregorio Torres Quintero | Bib. Gregorio Torres Quintero | Sala infantil Planta baja | 11/05/2023 | 1 | PN6499 L6.7 | 300496 | 31/12/2020 | 1 | Libro | ||||
| Library of Congress Classification | Infantil | Bib. Gregorio Torres Quintero | Bib. Gregorio Torres Quintero | Sala infantil Planta baja | 11/05/2023 | 3 | PN6499 L6.7 | 255837 | 31/12/2020 | 1 | Libro |
